Quizzes
Events
Quiz Creation
Community
Videos
Private Events
Remove Ads
Sign In
Join for FREE
Feedback
Dark Mode
Quiz Categories
Sports
Geography
Music
Movies
Television
Just For Fun
Miscellaneous
History
Literature
Language
Science
Gaming
Entertainment
Religion
Holiday
For Kids
Quiz Lab
Recent
Popular Today
Quiz Kudos Today
Editor Picks
Curator Picks
Quizzes by...
Day
Popularity
Type
Ratings
Length
Year
Community
Subscriptions
Recent Discussions
Orange Saloon
Badges
Playlists
Quests
Create
Leaderboards
Showdown
Live 5
Trivia Bingo
Activity
Puzzle Library
Sporcle Events
Private Events
Virtual Trivia
Globe League
Become a Host
Pub Owners
SporcleCon
Opinionation
Our Games
Videos
Blog
Mobile Apps
Partnerships
Remove Ads and Go Orange
Feedback
Television
TV Characters
TV Show
Sitcom
Network
Friends
Reality Shows
Cast
South Park
Star Trek
The Simpsons
Doctor Who
Television
TV Characters
TV Show
Sitcom
Network
Friends
Reality Shows
Cast
South Park
Star Trek
The Simpsons
Doctor Who
Random Quiz
Search Sporcle
×
Quiz Lab
Quiz Lab
Television
Quote
Type in answers that appear in a list
Type in answers that appear in a list
Classic
Best Score? Go Orange.
Finish The Quote: Golden Girls Edition 3 Stats
Can you name the Finish The Quote: Golden Girls Edition 3?
By
katerirosee
7m
20 Questions
417 Plays
417 Plays
417 Plays
Comments
Comments
Give Quiz Kudos
Give Quiz Kudos
-
- Ratings
hide this ad
Random Order
Randomize order of answers
Randomize order of answers
Replay
Link that replays current quiz
Next Quiz
Link to next quiz in quiz playlist
You Got
0%
They Got
Avg Score
50%
Avg Friend Score
Upgrade to see
Score Distribution
Jump to the score distribution portion of the page
Score
0/20
Timer
07:00
0
Plays Today
Line
Missing Word(s)
% Correct
Blanche: I don't really mind Clayton being homosexual, I just don't like _
_
_
_
_
_
_
_
_
_
_
_
_
.
him dating men
74.6%
Sophia: If this sauce were a person, I'd get naked and _
_
_
_
_
_
_
_
_
_
_
_
_
_
_
.
make love to it
74.6%
Sophia: Silly Rabbi, tricks are _
_
_
_
_
_
_
.
for kids
72.2%
Dorothy: My cupcakes are moist and delicious, men _
_
_
_
_
_
_
_
_
_
_
_
_
.
love my cupcakes
66.7%
Sophia: Look, you didn't ask me for my opinion, but I'm old, so I'm _
_
_
_
_
_
_
_
_
_
_
_
_
_
.
giving it anyway
59.5%
Rose: What can you say about 7 years of fights and laughter...secrets..._
_
_
_
_
_
_
_
_
...
cheesecake
58%
Sophia: You can't pick men and you _
_
_
_
_
_
_
_
_
_
_
_
!
can't pick pizza
54.7%
Dorothy: Oh, I do believe! I do believe _
_
_
_
_
_
!
in ****
53.5%
Sophia: Zulu, Queen of the _
_
_
_
_
_
_
_
_
_
.
dwarf people
52.8%
Sophia: What they do is their business, but if I ever see your hand on Rose's behind, _
_
_
_
_
_
_
_
.
it'll kill me
51.3%
Line
Missing Word(s)
% Correct
Sophia: No Rose, we lost and we all changed our names _
_
_
_
_
_
.
to victor
46%
Sophia: Well, mercy me! Looks like my little magnolia just turned _
_
_
_
_
_
_
_
_
_
_
into a big ho
46%
Rose: Like we say in St. Olaf, Christmas without fruitcake is like St. Sigmund's Day without _
_
_
_
_
_
_
_
_
_
_
_
_
_
.
the headless boy
44.1%
Blanche: You are undoubtedly the meanest sick person I've ever met! Not to mention _
_
_
_
_
_
_
_
_
_
_
_
_
_
_
.
the most unattractive
42.9%
Miles: I'm a college professor, Rose. What did you think when I said _
_
_
_
_
_
_
_
_
_
_
_
_
_
_
_
?
i taught hemingway
42%
Angela: Thank you, Dorothy. I'd love to stay, but I _
_
_
_
_
_
_
_
_
_
_
_
.
hate your mother
40.3%
Blanche: What is wrong with this baby? Honey, darling, please shut up _
_
_
_
_
_
_
_
_
_
_
_
_
.
for aunt blanche
37.6%
Blanche: Rose, you must be confused. You come to me if you have problems with a man. You go to Dorothy if there's some grammar _
_
_
_
_
_
_
_
_
_
_
_
_
_
_
_
_
.
you need help with
37.2%
Dorothy: I don’t know, Rose. Maybe Mary Poppins has an _
_
_
_
_
_
_
_
_
_
_
_
.
italian cousin
34.3%
Dorothy: Get back here, you deceitful little _
_
_
_
_
_
_
_
_
_
_
!
sicilian geico
16.5%
Quiz Playlist
Details
Report
Send in Message
Add To Playlist
Classic:
Type in answers that appear in a list
Random Order:
Randomize order of answers
Last Updated: Feb 16, 2017
Quiz Scoreboard
CHALLENGE
Sign Up to Join the Scoreboard
Show All
Scores
Hide
Comments
May contain spoilers
Recently Published
Billboard Blitz: Fleetwood Mac
by CooCooCachoo
Music
15s
Presidents Visiting Landmarks
by Hejman
History
7m
An Introduction to Baseball
by treessimontrees
Sports
5m
More to Explore
Quiz From the Vault
Featured Blog Post
Where Did the Easter Bunny Come From?
hide this ad
You Might Also Like...
Tags
Quote Quiz
Edition
finish
girl
Golden Girls
Today's Top Quizzes in Television
Browse Television
hide this ad
Today's Top Quizzes in Quote
Browse Quote
Top Contributed Quizzes in Television
1
5-to-1: The Simpsons Families
2
5-to-1: Television Doctors
3
7-to-1: TV Show Settings
4
One Piece Logic Puzzle
5
5-to-1: Streaming Originals
6
Survivor Seasons
7
Survivor Logic Puzzle: Heroes vs. Villains
8
TV Shows by First Names
9
Survivor Season by Logo
10
One Thing in Common: Television
Explore More
Trending Topics
Kpop
Anime
Disney
Crossword
Marvel
Harry Potter
NBA
WWE
Pokémon
NFL
Soccer
Puzzle
Country
The Office
Song
hide this ad
More By:
katerirosee
Quiz
Plays
Rating
Category
Featured
Created
Finish The Line: The Golden Girls Edition
775
4.25
Television
Feb 19, 2012
Hard Trivia: Full House Edition
748
2.25
Television
Apr 9, 2012
Finish The Quote: Golden Girls Edition 2
524
3.67
Television
Apr 9, 2012
Finish The Quote: Golden Girls Edition 3
417
3.00
Television
Aug 2, 2012
Beyonce's B'Day
229
3.00
Music
Apr 9, 2012
Go to Creator's Profile
Score Distribution
Quiz Creator Spotlight
katerirosee
Follow
Send a Message
Quizzes Created
-
Created Quiz Play Count
-
More By This Creator
Popular Quizzes Today
1
Find the US States - No Outlines Minefield
2
Find the Countries of Europe - No Outlines Minefield
3
The Countries of the World
4
Find the US States
5
Popular People in 1961
6
US States
7
Risky Map Clicking: Biggest States A-Z
8
Movies - When Are They Set?
More Television Quizzes
Changing Logos: Nickelodeon
Editor's Pick
Trending Quizzes
Risky Map Clicking: Least Populous States A-Z
1-10 Letter G Words
1-10 Letter F Words
Risky Map Clicking: Next State Alphabetically
'A' Boys' Names Grid
Recently Updated
Leaping Animals
pecheneg
Reality TV Shows (A-Z)
bhenderson79
Rickey Henderson's Hall of Fame Teammates
pecheneg
Champions League XIs: Arsenal
pecheneg
Quick Pick: Celebrities in WWE's Hall of Fame
aduchscher
A-Z Keypad Blitz II
pecheneg
Multiple Oscar Actors
pecheneg
Mystery Phrase Blitz: Oscar 'Best Actors'
pecheneg
F. Scott Fitzgerald Novels
LTH
Pick 3 Villains
ddd62291
Trending Topics
Disney
Anime
Kpop
NBA
Harry Potter
Marvel
Crossword
Country
Pokémon
WWE
Puzzle
Soccer
NFL
Song
The Office
Your Account Isn't Verified!
In order to create a playlist on Sporcle, you need to verify the email address you used during registration. Go to your
Sporcle Settings
to finish the process.
Report this User
Report this user for behavior that violates our
Community Guidelines
.
Details:
Send Report
Go to the Sporcle.com Mobile Site →
Comments